[Event "Int. Stuttgarter Stadtmeisterschaft A"]
[Site "Ditzingen"]
[Date "2019.05.31"]
[Round "3.32"]
[White "Pfitzer, Norbert"]
[Black "Forster, Lukas"]
[Result "0-1"]
[WhiteElo "2047"]
[BlackElo "1745"]
[PlyCount "88"]
[EventDate "2019.??.??"]
[WhiteTeam "SV Backnang"]
[BlackTeam "Stuttgarter SF 1879"]

1. Nf3 g6 2. d4 Bg7 3. e4 d6 4. Be2 Nf6 5. Nc3 O-O 6. O-O c5 7. h3 cxd4 8. Nxd4
Nc6 9. Be3 Bd7 10. Qd2 Rc8 11. f4 Nxd4 12. Bxd4 Bc6 13. Bf3 a6 14. Rf2 b5 15.
Re1 Nd7 16. Bxg7 Kxg7 17. Qd4+ Kg8 18. Bg4 Bb7 19. Rd2 Rc4 20. Qf2 Nf6 21. Bf3
Qc7 22. e5 Ne8 23. Nd5 Bxd5 24. Bxd5 Rc5 25. b4 Rc3 26. Bb3 e6 27. Qd4 d5 28.
Rd3 Rc6 29. g4 Ng7 30. Ree3 Rc8 31. Rf3 Qe7 32. Rc3 Qh4 33. Rxc6 Qe1+ 34. Kg2
Rxc6 35. Re3 Qc1 36. Rd3 Qe1 37. Rd2 h5 38. Rf2 Rc3 39. Qd2 Qe4+ 40. Kh2 d4 41.
a4 h4 42. axb5 axb5 43. Qe2 Re3 44. Qxb5 Re1 0-1

[Event "Int. Stuttgarter Stadtmeisterschaft A"]
[Site "Ditzingen"]
[Date "2019.05.31"]
[Round "3.33"]
[White "Wezel, Sebastian"]
[Black "Bräuner, Uwe"]
[Result "1/2-1/2"]
[WhiteElo "1919"]
[BlackElo "2163"]
[PlyCount "102"]
[EventDate "2019.??.??"]
[WhiteTeam "SV Dettingen Erms"]
[BlackTeam "SF Pfullingen"]

1. e4 e6 2. d4 d5 3. Nc3 Nf6 4. e5 Nfd7 5. f4 c5 6. Nf3 Nc6 7. Be3 a6 8. Qd2 b5
9. dxc5 Nxc5 10. Qf2 b4 11. Bxc5 bxc3 12. b3 Qa5 13. Bxf8 Rxf8 14. Bd3 h6 15.
a3 Bb7 16. O-O O-O-O 17. b4 Qc7 18. Nd4 Qb6 19. Nxc6 Qxc6 20. Qd4 Kc7 21. Kh1
Rc8 22. a4 Qb6 23. Qxc3+ Kb8 24. Qd2 d4 25. a5 Qc6 26. b5 Qd5 27. bxa6 Bc6 28.
Rfe1 Ka7 29. Rab1 Rfd8 30. Be4 Qc5 31. Bxc6 Rxc6 32. Rb2 Kxa6 33. Reb1 Qc3 34.
Qe2+ d3 35. Qf2 Rd4 36. Rb8 Kxa5 37. Ra8+ Ra6 38. Rxa6+ Kxa6 39. cxd3 Rb4 40.
Rxb4 Qxb4 41. Qf1 Qd4 42. h3 Kb6 43. Qb1+ Kc6 44. Qc2+ Kd7 45. Qd2 g6 46. Kh2
Ke7 47. g3 h5 48. h4 f6 49. exf6+ Kxf6 50. Qe2 Kf5 51. Kg2 Qd5+ 1/2-1/2

[Event "Int. Stuttgarter Stadtmeisterschaft A"]
[Site "Ditzingen"]
[Date "2019.05.31"]
[Round "3.34"]
[White "Kemper, Yannick"]
[Black "Harig, Alexander"]
[Result "1-0"]
[WhiteElo "1856"]
[BlackElo "2076"]
[PlyCount "45"]
[EventDate "2019.??.??"]
[WhiteTeam "SK 1912 Ludwigshafen"]
[BlackTeam "SK Schweich"]

1. e4 d5 2. exd5 Qxd5 3. Nc3 Qa5 4. d4 Nf6 5. Bd2 c6 6. h3 Nbd7 7. Bc4 g6 8.
Nf3 Bg7 9. Qe2 Qb6 10. Ng5 O-O 11. Qxe7 Nd5 12. Nxd5 cxd5 13. Bxd5 Bf6 14.
Bxf7+ Kh8 15. Qe6 Qxb2 16. O-O Qxd4 17. Rad1 Nb6 18. Qb3 Bf5 19. Bb4 Qf4 20.
Bxf8 Qxg5 21. Bc5 Rc8 22. Qe3 Kg7 23. Bb3 1-0

[Event "Int. Stuttgarter Stadtmeisterschaft A"]
[Site "Ditzingen"]
[Date "2019.05.31"]
[Round "3.35"]
[White "Jaster, Dirk"]
[Black "Fischer, Daniel"]
[Result "0-1"]
[WhiteElo "1863"]
[BlackElo "2018"]
[PlyCount "90"]
[EventDate "2019.??.??"]
[WhiteTeam "SC Feuerbach e. V."]
[BlackTeam "SVG Offenburg"]

1. c4 c5 2. Nc3 g6 3. Nf3 Bg7 4. g3 Nc6 5. Bg2 e6 6. Ne4 d6 7. O-O Nge7 8. d3
O-O 9. Rb1 Rb8 10. Bf4 e5 11. Bd2 h6 12. Nc3 Be6 13. e4 f5 14. Nd5 Nd4 15. Nxd4
cxd4 16. Nxe7+ Qxe7 17. f4 b5 18. b3 Qc7 19. Qe2 bxc4 20. bxc4 Rxb1 21. Rxb1
exf4 22. exf5 Bxf5 23. Bd5+ Kh8 24. Rb7 Qd8 25. Ba5 Re8 26. Qd2 Qg5 27. Qxf4
Qxf4 28. gxf4 Bxd3 29. Rxa7 Be4 30. Kf2 d3 31. Rb7 Bxd5 32. cxd5 Ra8 33. Rb5
Bd4+ 34. Ke1 Rxa5 35. Rb8+ Kg7 36. Kd2 Rxa2+ 37. Kxd3 Bc5 38. Rc8 Rxh2 39. Ke4
Re2+ 40. Kf3 Re3+ 41. Kg4 Rd3 42. Rc7+ Kf6 43. f5 h5+ 44. Kf4 g5+ 45. Ke4 Re3#
0-1

[Event "Int. Stuttgarter Stadtmeisterschaft A"]
[Site "Ditzingen"]
[Date "2019.05.31"]
[Round "3.36"]
[White "Christ, Marcel"]
[Black "Schönhof, Timo"]
[Result "1/2-1/2"]
[WhiteElo "1836"]
[BlackElo "1991"]
[PlyCount "33"]
[EventDate "2019.??.??"]
[WhiteTeam "SC Ingersheim e.V."]
[BlackTeam "SK Engen"]

1. e4 c5 2. Nf3 g6 3. c3 Bg7 4. d4 cxd4 5. cxd4 d5 6. e5 Nc6 7. Be2 f6 8. Nc3
a6 9. O-O fxe5 10. dxe5 e6 11. Bf4 Nge7 12. Qd2 O-O 13. Rfe1 b5 14. Bf1 Bd7 15.
Rac1 Qa5 16. a3 b4 17. Ne2 1/2-1/2

[Event "Int. Stuttgarter Stadtmeisterschaft A"]
[Site "Ditzingen"]
[Date "2019.05.31"]
[Round "3.37"]
[White "Pudmensky, Stefan"]
[Black "Hoeschele, Hans-Ulrich"]
[Result "1/2-1/2"]
[WhiteElo "1819"]
[BlackElo "1983"]
[PlyCount "96"]
[EventDate "2019.??.??"]
[WhiteTeam "SK Lauffen"]
[BlackTeam "Stuttgarter SF 1879"]

1. d4 Nf6 2. Nf3 d5 3. e3 e6 4. c4 c6 5. Bd3 dxc4 6. Bxc4 Nbd7 7. Nc3 b5 8. Bd3
Bb7 9. O-O a6 10. a3 c5 11. Qe2 c4 12. Bc2 Qc7 13. e4 Be7 14. g3 e5 15. dxe5
Nxe5 16. Nxe5 Qxe5 17. Bf4 Qh5 18. Qxh5 Nxh5 19. Be3 O-O 20. e5 g6 21. Rfd1
Rfd8 22. Ne4 Rxd1+ 23. Rxd1 Bc6 24. Nc5 Ng7 25. Be4 Bxe4 26. Nxe4 Nf5 27. Bb6
Rb8 28. Bc5 Rd8 29. Rxd8+ Bxd8 30. Kf1 h5 31. Ke2 Ng7 32. Be3 Ne6 33. Nc5 a5
34. Nxe6 fxe6 35. Bc5 g5 36. Kd2 g4 37. Kc3 Kf7 38. a4 bxa4 39. Kxc4 Kg6 40.
Kb5 Kf5 41. Bb6 Be7 42. Kxa4 Kxe5 43. Kxa5 Kd5 44. Kb5 h4 45. b4 h3 46. Bc5 Bd8
47. Bb6 Be7 48. Bc5 Bd8 1/2-1/2

[Event "Int. Stuttgarter Stadtmeisterschaft A"]
[Site "Ditzingen"]
[Date "2019.05.31"]
[Round "3.38"]
[White "Reindl, Arno"]
[Black "Hardt, Anton"]
[Result "1-0"]
[WhiteElo "1977"]
[BlackElo "1816"]
[PlyCount "75"]
[EventDate "2019.??.??"]
[WhiteTeam "SG Schwäbisch Gmünd"]
[BlackTeam "SK Mannheim-Lindenhof 1865"]

1. e4 c5 2. Nf3 e6 3. c4 Nc6 4. d4 cxd4 5. Nxd4 Qb6 6. Nb3 Nf6 7. Be3 Qc7 8.
Nc3 Bb4 9. Bd3 Ne5 10. Qe2 Nxd3+ 11. Qxd3 O-O 12. O-O Ng4 13. g3 Nxe3 14. fxe3
Bxc3 15. Qxc3 b6 16. Qd4 Bb7 17. Rfd1 Qc6 18. c5 Rfd8 19. cxb6 axb6 20. Nd2 Ra4
21. b4 Qb5 22. a3 d5 23. Nc4 Ra6 24. e5 Qc6 25. Rac1 h6 26. Nd6 Qd7 27. b5 Rxa3
28. Qxb6 Qe7 29. Qxb7 Qxb7 30. Nxb7 Rb8 31. Nd6 Rxe3 32. Re1 Rxe1+ 33. Rxe1 Rb6
34. Rc1 f6 35. Rc8+ Kh7 36. Rc6 Rb8 37. b6 fxe5 38. b7 1-0

[Event "Int. Stuttgarter Stadtmeisterschaft A"]
[Site "Ditzingen"]
[Date "2019.05.31"]
[Round "3.39"]
[White "Dreyer, Andre"]
[Black "Ohler, Julius"]
[Result "1/2-1/2"]
[WhiteElo "1938"]
[BlackElo "1837"]
[PlyCount "82"]
[EventDate "2019.??.??"]
[WhiteTeam "SV Stockenhausen-Frommern"]
[BlackTeam "SG Trier"]

1. d4 d5 2. c4 e6 3. Nc3 Nf6 4. Bg5 Be7 5. e3 O-O 6. Nf3 c6 7. Qc2 Nbd7 8. a3
h6 9. Bh4 Re8 10. Bd3 dxc4 11. Bxc4 b5 12. Be2 a6 13. O-O c5 14. dxc5 Bxc5 15.
Ne4 Be7 16. Nd4 Bb7 17. Nxf6+ Bxf6 18. Bxf6 Nxf6 19. Rfd1 Rc8 20. Qd2 Qb6 21.
Rac1 Rxc1 22. Rxc1 Rd8 23. Qc2 Rc8 24. Qd1 Rxc1 25. Qxc1 e5 26. Nb3 Nd7 27. Qd1
Nc5 28. Nxc5 Qxc5 29. h3 Bd5 30. Qd2 Qc6 31. Bf1 g6 32. f3 Kg7 33. Kf2 Bc4 34.
Bxc4 Qxc4 35. Qe2 Qb3 36. Qd2 a5 37. Ke2 Qc4+ 38. Kf2 Qh4+ 39. Kf1 Qc4+ 40. Kf2
b4 41. axb4 axb4 1/2-1/2

[Event "Int. Stuttgarter Stadtmeisterschaft A"]
[Site "Ditzingen"]
[Date "2019.05.31"]
[Round "3.40"]
[White "Döserich, Jürgen"]
[Black "Potapov, Aleksey"]
[Result "1-0"]
[WhiteElo "2005"]
[BlackElo "1925"]
[PlyCount "65"]
[EventDate "2019.??.??"]
[WhiteTeam "Schwarze Pumpe Freiburg"]
[BlackTeam "Stuttgarter SF 1879"]

1. d4 Nf6 2. c4 g6 3. Nc3 Bg7 4. e4 d6 5. Nf3 O-O 6. Be2 e5 7. O-O Nc6 8. d5
Ne7 9. Nd2 Nd7 10. b4 a5 11. bxa5 Rxa5 12. Nb3 Ra8 13. Be3 b6 14. a4 Nc5 15.
Nxc5 bxc5 16. Nb5 f5 17. f3 f4 18. Bf2 g5 19. Be1 Rf6 20. Bc3 h5 21. Qd2 c6 22.
dxc6 Nxc6 23. Qd5+ Kh8 24. Qxc6 Ra6 25. Qc7 Qe8 26. Rfd1 Be6 27. Nxd6 Qg6 28.
Bxe5 g4 29. Rab1 g3 30. h3 Bxh3 31. Rb8+ Kh7 32. Bxf6 Qxf6 33. Ne8 1-0

[Event "Int. Stuttgarter Stadtmeisterschaft A"]
[Site "Ditzingen"]
[Date "2019.05.31"]
[Round "3.41"]
[White "Zeiler, Klaus"]
[Black "Kistler, Michael"]
[Result "1-0"]
[WhiteElo "2004"]
[BlackElo "1863"]
[PlyCount "57"]
[EventDate "2019.??.??"]
[WhiteTeam "Stuttgarter SF 1879"]
[BlackTeam "VfL Sindelfingen"]

1. d4 Nf6 2. Nf3 g6 3. c4 Bg7 4. Nc3 O-O 5. e4 d6 6. Be2 e5 7. d5 Na6 8. Bg5 h6
9. Bh4 Qe8 10. Nd2 c6 11. O-O Nh7 12. a3 f5 13. f3 Nf6 14. b4 Nh5 15. c5 dxc5
16. dxc6 bxc6 17. b5 Nc7 18. bxc6 Nf4 19. Bc4+ Be6 20. Qa4 Kh8 21. Rfd1 Rg8 22.
Rab1 fxe4 23. Ndxe4 Bxc4 24. Qxc4 g5 25. Bf2 Nfe6 26. Rd7 Qg6 27. Rbd1 Rac8 28.
Nd6 Rcd8 29. Nf7+ 1-0

[Event "Int. Stuttgarter Stadtmeisterschaft A"]
[Site "Ditzingen"]
[Date "2019.05.31"]
[Round "3.42"]
[White "Giemsa, Alexander"]
[Black "Mitrovic, Dragan"]
[Result "1-0"]
[WhiteElo "1890"]
[BlackElo "1954"]
[PlyCount "43"]
[EventDate "2019.??.??"]
[WhiteTeam "SC Magstadt"]
[BlackTeam "SK Gerlingen"]

1. e4 c5 2. Nf3 g6 3. d4 cxd4 4. Nxd4 Nf6 5. Nc3 d6 6. Bc4 Bg7 7. O-O O-O 8. h3
Nc6 9. Be3 Bd7 10. f4 a6 11. Nxc6 Bxc6 12. Bd5 Nxd5 13. exd5 Bd7 14. Bd4 Bxd4+
15. Qxd4 Bf5 16. g4 Bd7 17. f5 Rc8 18. f6 exf6 19. Ne4 Kg7 20. Nxf6 Kh6 21. g5+
Kxg5 22. Qf4# 1-0

[Event "Int. Stuttgarter Stadtmeisterschaft A"]
[Site "Ditzingen"]
[Date "2019.05.31"]
[Round "3.43"]
[White "ReichenbÃ¤cher, Thomas"]
[Black "Wirth, Steffen"]
[Result "1-0"]
[WhiteElo "1949"]
[BlackElo "1842"]
[PlyCount "67"]
[EventDate "2019.??.??"]
[WhiteTeam "SVG Konstanz"]
[BlackTeam "SSV Zuffenhausen"]

1. c4 e5 2. Nc3 c5 3. g3 Nc6 4. Bg2 g6 5. d3 Bg7 6. Nh3 Nge7 7. O-O O-O 8. f4
d6 9. Nd5 Nxd5 10. cxd5 Nd4 11. e3 Nf5 12. Rb1 a5 13. Kh1 b5 14. e4 Nd4 15. Be3
exf4 16. Nxf4 b4 17. Qd2 Bd7 18. Ne2 Nxe2 19. Qxe2 Bb5 20. Rf2 Qd7 21. Qd2 f5
22. Bh3 Qb7 23. exf5 Qxd5+ 24. Bg2 Qxa2 25. Rbf1 Rae8 26. f6 Qe6 27. fxg7 Rxf2
28. Bxf2 Qe2 29. Qf4 Kxg7 30. Bg1 Bxd3 31. Qf6+ Kh6 32. Rf4 Re4 33. Qf8+ Kh5
34. Bf3+ 1-0

[Event "Int. Stuttgarter Stadtmeisterschaft A"]
[Site "Ditzingen"]
[Date "2019.05.31"]
[Round "3.45"]
[White "Dölker, Kai"]
[Black "Dosch, Alexander"]
[Result "1/2-1/2"]
[WhiteElo "1927"]
[BlackElo "1831"]
[PlyCount "60"]
[EventDate "2019.??.??"]
[WhiteTeam "SV Stuttgart-Wolfbusch 1956 e.V."]
[BlackTeam "SV Multatuli Ingelheim e.V."]

1. f4 d5 2. Nf3 c5 3. e3 Nc6 4. Bb5 e6 5. O-O Bd7 6. b3 f5 7. Bb2 Nf6 8. c4 a6
9. Bxc6 Bxc6 10. Ne5 Be7 11. Nc3 O-O 12. Rc1 Qc7 13. Ne2 b5 14. Qc2 dxc4 15.
bxc4 bxc4 16. Nxc6 Qxc6 17. Qxc4 Nd5 18. Ba3 Qb5 19. e4 Qxc4 20. Rxc4 Nb6 21.
Rc2 Rfd8 22. exf5 exf5 23. d4 Nd5 24. Rd2 cxd4 25. Bxe7 Nxe7 26. Rfd1 Nc6 27.
Nxd4 Nxd4 28. Rxd4 Rxd4 29. Rxd4 Rc8 30. Kf1 Rc5 1/2-1/2

[Event "Int. Stuttgarter Stadtmeisterschaft A"]
[Site "Ditzingen"]
[Date "2019.05.31"]
[Round "4.1"]
[White "Ikonnikov, Vyacheslav"]
[Black "Sumets, Andrey"]
[Result "0-1"]
[WhiteElo "2503"]
[BlackElo "2585"]
[PlyCount "42"]
[EventDate "2019.??.??"]
[WhiteTeam "SF Bad Mergentheim"]
[BlackTeam "SF Lilienthal von 1971"]

1. d4 d5 2. Nf3 Nf6 3. c4 c6 4. Nc3 dxc4 5. a4 e6 6. e3 c5 7. Bxc4 Nc6 8. O-O
cxd4 9. Nxd4 Bd7 10. e4 Bb4 11. Nxc6 Bxc6 12. Qxd8+ Rxd8 13. f3 Bc5+ 14. Kh1 a6
15. Bg5 h6 16. Bh4 g5 17. Bf2 Bxf2 18. Rxf2 Rd4 19. b3 Ke7 20. a5 Rhd8 21. Kg1
Kd7 {notation not readable} 0-1

[Event "Int. Stuttgarter Stadtmeisterschaft A"]
[Site "Ditzingen"]
[Date "2019.05.31"]
[Round "4.2"]
[White "SchrÃ¶der, Jan-Christian"]
[Black "Antoniewski, Rafal"]
[Result "1-0"]
[WhiteElo "2569"]
[BlackElo "2500"]
[PlyCount "57"]
[EventDate "2019.??.??"]
[WhiteTeam "SV 1920 Hofheim"]

1. e4 c5 2. Nf3 d6 3. d4 cxd4 4. Nxd4 Nf6 5. Nc3 Nc6 6. Bg5 Bd7 7. Qd2 Rc8 8.
O-O-O Nxd4 9. Qxd4 Qa5 10. f4 Rxc3 11. bxc3 e5 12. Qb4 Qxb4 13. cxb4 Nxe4 14.
Bh4 Nc3 15. Re1 Nxa2+ 16. Kd2 Nxb4 17. Rb1 d5 18. c3 Nc6 19. Rxb7 Be7 20. Bf2
Nd8 21. Rxa7 exf4 22. Bd3 Be6 23. Rb1 f3 24. Rb8 Bd7 25. gxf3 Bd6 26. Rba8 Rf8
27. Bb6 Ke7 28. Bf5 Ne6 29. Kd3 1-0

[Event "Int. Stuttgarter Stadtmeisterschaft A"]
[Site "Ditzingen"]
[Date "2019.05.31"]
[Round "4.3"]
[White "Becker, Matthias"]
[Black "Nasuta, Grzegorz"]
[Result "1/2-1/2"]
[WhiteElo "2287"]
[BlackElo "2518"]
[PlyCount "26"]
[EventDate "2019.??.??"]
[WhiteTeam "BG Buchen"]
[BlackTeam "Godesberger SK 1929 e. V"]

1. e4 e5 2. Nf3 Nc6 3. Bc4 Nf6 4. d3 Be7 5. Nbd2 O-O 6. Bb3 d5 7. exd5 Nxd5 8.
O-O Kh8 9. Ne4 f6 10. c3 Bg4 11. h3 Bh5 12. Ng3 Bf7 13. d4 exd4 1/2-1/2

[Event "Int. Stuttgarter Stadtmeisterschaft A"]
[Site "Ditzingen"]
[Date "2019.05.31"]
[Round "4.4"]
[White "Neyman, Igor"]
[Black "Morgunov, Daniel"]
[Result "1/2-1/2"]
[WhiteElo "2331"]
[BlackElo "2290"]
[PlyCount "48"]
[EventDate "2019.??.??"]
[WhiteTeam "Stuttgarter SF 1879"]

1. d4 Nf6 2. c4 d6 3. Nf3 g6 4. Nc3 Bg7 5. e4 O-O 6. Be2 e5 7. O-O exd4 8. Nxd4
Re8 9. f3 Nc6 10. Be3 Nh5 11. Qd2 Nf4 12. Bxf4 Nxd4 13. Bd3 Be6 14. Rfe1 c5 15.
Rab1 a6 16. b3 Rb8 17. Ne2 b5 18. cxb5 axb5 19. Nxd4 Bxd4+ 20. Be3 Qf6 21. Bxd4
Qxd4+ 22. Qe3 Qxe3+ 23. Rxe3 b4 24. Rc1 Ra8 1/2-1/2

[Event "Int. Stuttgarter Stadtmeisterschaft A"]
[Site "Ditzingen"]
[Date "2019.05.31"]
[Round "4.5"]
[White "Sanati, Charlotte"]
[Black "Zuferi, Enis"]
[Result "0-1"]
[WhiteElo "2059"]
[BlackElo "2337"]
[PlyCount "90"]
[EventDate "2019.??.??"]
[WhiteTeam "SG Trier"]
[BlackTeam "Heilbronner SV"]

1. d4 Nf6 2. c4 g6 3. Nc3 d5 4. Nf3 Bg7 5. Qb3 dxc4 6. Qxc4 O-O 7. e4 a6 8. Be2
b5 9. Qb3 c5 10. dxc5 Be6 11. Qc2 Nbd7 12. Be3 Rc8 13. O-O Nxc5 14. Rfd1 Qa5
15. e5 Ng4 16. Nd5 Bxd5 17. Rxd5 Nxe3 18. fxe3 Bh6 19. g3 Bxe3+ 20. Kg2 Qb6 21.
Rad1 Bh6 22. Nd4 Nb7 23. Qb1 e6 24. Rd7 Rfd8 25. Rxd8+ Rxd8 26. Nf3 Qe3 27.
Rxd8+ Nxd8 28. Qd3 Nc6 29. Qxe3 Bxe3 30. b3 Bd4 31. a4 Bc3 32. axb5 axb5 33.
Bxb5 Nxe5 34. Nxe5 Bxe5 35. g4 Bd6 36. h3 Kg7 37. Kf3 f5 38. Bc4 Kf6 39. Ke3
Bc5+ 40. Kf3 e5 41. Bd5 e4+ 42. Ke2 Ke5 43. Bg8 f4 44. Bxh7 f3+ 45. Kf1 e3 0-1

[Event "Int. Stuttgarter Stadtmeisterschaft A"]
[Site "Ditzingen"]
[Date "2019.05.31"]
[Round "4.6"]
[White "Ciolek, Andreas"]
[Black "Jerie, Sven"]
[Result "1-0"]
[WhiteElo "2241"]
[BlackElo "2060"]
[PlyCount "85"]
[EventDate "2019.??.??"]
[WhiteTeam "MÃ¼nchener SC 1836 e.V."]
[BlackTeam "SG Ludwigsburg 1919"]

1. e4 e5 2. Nf3 Nc6 3. Bb5 a6 4. Ba4 Nf6 5. O-O Be7 6. Re1 b5 7. Bb3 d6 8. c3
O-O 9. h3 Na5 10. Bc2 c5 11. d4 Qc7 12. Nbd2 Nc6 13. d5 Nd8 14. Nf1 Ne8 15. Ng3
g6 16. Bh6 Ng7 17. Qd2 f6 18. a4 Rb8 19. axb5 axb5 20. c4 b4 21. Ba4 Nf7 22.
Bc6 Bd7 23. Bxd7 Qxd7 24. Bxg7 Kxg7 25. Ra2 Ra8 26. Rea1 Rxa2 27. Rxa2 Qb7 28.
Qd1 Ra8 29. Ra4 Bd8 30. Qa1 Rxa4 31. Qxa4 Qc7 32. Nh4 f5 33. Nhxf5+ gxf5 34.
Qe8 h6 35. Nxf5+ Kh7 36. Qf8 Bf6 37. g4 Qd7 38. h4 Qc7 39. Kg2 Qd7 40. g5 hxg5
41. hxg5 Bh8 42. f3 Nd8 43. Ne7 1-0

[Event "Int. Stuttgarter Stadtmeisterschaft A"]
[Site "Ditzingen"]
[Date "2019.05.31"]
[Round "4.7"]
[White "Doll, Michael"]
[Black "SchrÃ¶ter, Samuel"]
[Result "1/2-1/2"]
[WhiteElo "2159"]
[BlackElo "2161"]
[PlyCount "56"]
[EventDate "2019.??.??"]
[WhiteTeam "SV NÃ¼rtingen 1920"]
[BlackTeam "SC BÃ¶blingen 1975 e.V."]

1. d4 g6 2. e4 Bg7 3. Nf3 c5 4. c3 cxd4 5. cxd4 Nc6 6. Nc3 d6 7. h3 Nf6 8. Be3
O-O 9. Bd3 a6 10. Rc1 e5 11. d5 Ne7 12. O-O Ne8 13. Na4 b5 14. Nb6 Rb8 15. Nxc8
Rxc8 16. Qe2 h6 17. Nd2 f5 18. f3 Nf6 19. a4 Nh5 20. Rxc8 Nxc8 21. Rc1 Nf4 22.
Qf1 fxe4 23. Bxe4 Ne7 24. axb5 axb5 25. Qxb5 Qb8 26. Qxb8 Rxb8 27. Bxf4 exf4
28. Nc4 Bxb2 1/2-1/2

[Event "Int. Stuttgarter Stadtmeisterschaft A"]
[Site "Ditzingen"]
[Date "2019.05.31"]
[Round "4.8"]
[White "Blum, Frederik"]
[Black "Morgunov, Marc"]
[Result "0-1"]
[WhiteElo "1994"]
[BlackElo "2364"]
[PlyCount "100"]
[EventDate "2019.??.??"]
[WhiteTeam "Spvgg BÃ¶blingen"]

1. e4 c5 2. Nf3 d6 3. d4 cxd4 4. Nxd4 Nf6 5. Nc3 a6 6. Rg1 e5 7. Nb3 Be6 8. g4
d5 9. exd5 Nxd5 10. Nxd5 Qxd5 11. Qxd5 Bxd5 12. Be3 Nc6 13. O-O-O Bf3 14. Rd2
Be7 15. g5 O-O 16. Be2 Bxe2 17. Rxe2 Rac8 18. Rd1 Rfd8 19. Rxd8+ Rxd8 20. c3 f5
21. gxf6 gxf6 22. Rd2 Kf7 23. Rxd8 Nxd8 24. Kd2 Ke6 25. Ke2 Nc6 26. f3 f5 27.
Kd3 b5 28. Ke2 Kd5 29. Kd3 Bd6 30. h3 Nd8 31. Nd2 Bc5 32. Bxc5 Kxc5 33. b4+ Kd5
34. h4 Ne6 35. Nf1 Nf4+ 36. Kd2 Ng2 37. h5 e4 38. fxe4+ fxe4 39. Ng3 Ke5 40.
Ke2 Nf4+ 41. Kd2 Nd5 42. Ne2 h6 43. a3 Kf5 44. Nd4+ Kg4 45. Ne2 Kf3 46. Ng1+
Kf2 47. Ne2 Kf3 48. Ng1+ Kg2 49. Ne2 Kf2 50. Nd4 e3+ 0-1

[Event "Int. Stuttgarter Stadtmeisterschaft A"]
[Site "Ditzingen"]
[Date "2019.05.31"]
[Round "4.9"]
[White "Einwiller, Dieter"]
[Black "Hess, Max"]
[Result "0-1"]
[WhiteElo "2104"]
[BlackElo "2344"]
[PlyCount "56"]
[EventDate "2019.??.??"]
[WhiteTeam "SF Pfullingen"]
[BlackTeam "SC Garching 1980 e.V."]

1. d4 Nf6 2. Nc3 d5 3. Bf4 g6 4. e3 Bg7 5. h4 h5 6. Nf3 O-O 7. Ne5 c5 8. Be2
cxd4 9. exd4 Nc6 10. Qd2 Bf5 11. f3 Rc8 12. Nxc6 Rxc6 13. Be5 a6 14. Bd3 Bxd3
15. Qxd3 Qa5 16. O-O Rfc8 17. Rf2 Qd8 18. Re1 e6 19. g3 b5 20. a3 Ne8 21. Bxg7
Nxg7 22. Nd1 Nf5 23. f4 a5 24. c3 b4 25. axb4 axb4 26. Kg2 Qb6 27. Kh3 Kg7 28.
Rc2 Nxd4 0-1

[Event "Int. Stuttgarter Stadtmeisterschaft A"]
[Site "Ditzingen"]
[Date "2019.05.31"]
[Round "4.10"]
[White "Kabisch, Thilo"]
[Black "Gabriel, Josef"]
[Result "1-0"]
[WhiteElo "2341"]
[BlackElo "2062"]
[PlyCount "75"]
[EventDate "2019.??.??"]
[WhiteTeam "SK Schmiden/Cannstatt"]
[BlackTeam "Stuttgarter SF"]

1. e4 g6 2. d4 Bg7 3. Be3 d6 4. c4 Nd7 5. Nc3 c5 6. Nf3 cxd4 7. Nxd4 Ngf6 8.
Be2 O-O 9. O-O a6 10. Qd2 Re8 11. Rfd1 Ne5 12. f3 Qc7 13. Rac1 Bd7 14. Nd5 Qd8
15. Nb3 Nxd5 16. cxd5 Ba4 17. Qb4 b5 18. f4 Nd7 19. Qd2 a5 20. Rc2 b4 21. Rdc1
Nb8 22. Rc7 Bc3 23. bxc3 Qxc7 24. cxb4 Qd7 25. Nxa5 Bb5 26. h3 Bxe2 27. Qxe2
Qa4 28. Qc4 Nd7 29. Bd4 Qa3 30. Kh2 Nf6 31. Rc3 Qa4 32. e5 Ne4 33. Rc2 f5 34.
Bb2 h5 35. exd6 Kh7 36. Qd4 Rg8 37. Rc7 Nf6 38. Qxf6 1-0

[Event "Int. Stuttgarter Stadtmeisterschaft A"]
[Site "Ditzingen"]
[Date "2019.05.31"]
[Round "4.11"]
[White "Gheng, Dominik"]
[Black "Dudek, Richard"]
[Result "0-1"]
[WhiteElo "2061"]
[BlackElo "2240"]
[PlyCount "44"]
[EventDate "2019.??.??"]
[WhiteTeam "Schach-Kids Bernhausen e.V."]
[BlackTeam "SC Eppingen"]

1. e4 c6 2. d4 d5 3. exd5 cxd5 4. c4 Nf6 5. Nc3 e6 6. c5 Ne4 7. Nxe4 dxe4 8.
Bc4 Nc6 9. Be3 Be7 10. a3 O-O 11. Ne2 b6 12. b4 bxc5 13. bxc5 Na5 14. Ba2 Bb7
15. Nc3 Rc8 16. O-O Bd5 17. Nxd5 exd5 18. Qa4 Bf6 19. Rab1 Re8 20. Bxd5 Qxd5
21. Qxa5 Bxd4 22. Qd2 Red8 0-1

[Event "Int. Stuttgarter Stadtmeisterschaft A"]
[Site "Ditzingen"]
[Date "2019.05.31"]
[Round "4.12"]
[White "Yi, Danny"]
[Black "Schaffert, Walter"]
[Result "1/2-1/2"]
[WhiteElo "2231"]
[BlackElo "2055"]
[PlyCount "47"]
[EventDate "2019.??.??"]
[WhiteTeam "SF 59 Kornwestheim"]
[BlackTeam "SG Ludwigsburg 1919"]

1. g3 Nf6 2. Bg2 g6 3. e4 d6 4. Ne2 Bg7 5. O-O O-O 6. d4 e5 7. c3 b6 8. Nd2 Bb7
9. Qc2 a5 10. dxe5 dxe5 11. Nc4 Ba6 12. Rd1 Qe7 13. Ne3 Nbd7 14. a4 Nc5 15. b4
axb4 16. cxb4 Bxe2 17. Qxe2 Nxa4 18. Qc2 b5 19. Bf1 Qxb4 20. Ba3 Qxe4 21. Bxf8
Qxc2 22. Nxc2 Rxf8 23. Rdc1 Bh6 24. Ne3 1/2-1/2

[Event "Int. Stuttgarter Stadtmeisterschaft A"]
[Site "Ditzingen"]
[Date "2019.05.31"]
[Round "4.13"]
[White "Scheynin, Julia"]
[Black "Sprangers, Remco"]
[Result "0-1"]
[WhiteElo "1972"]
[BlackElo "2230"]
[PlyCount "76"]
[EventDate "2019.??.??"]
[WhiteTeam "Karlsruher SF 1853"]

1. e4 c5 2. Nc3 d6 3. g3 Nc6 4. Bg2 g6 5. d3 Bg7 6. f4 e6 7. Nf3 Nge7 8. O-O
O-O 9. Bd2 Rb8 10. Rb1 b5 11. a3 a5 12. a4 bxa4 13. Nxa4 Bd7 14. b3 Nd4 15. c3
Nxf3+ 16. Bxf3 Qc7 17. Qc2 Bc6 18. Be3 Ba8 19. Bg2 Rfc8 20. Qd2 Bc6 21. Qc2 Be8
22. Ra1 Qd8 23. Bf2 d5 24. e5 c4 25. bxc4 dxc4 26. d4 Nd5 27. Nc5 Bf8 28. Rfb1
a4 29. Bf1 Qa5 30. Rxb8 Rxb8 31. Bxc4 Bxc5 32. dxc5 Qxc3 33. Qxc3 Nxc3 34. Rc1
Ne4 35. Be3 Bc6 36. Ra1 Rb2 37. Bd4 Rb4 38. Rc1 Nd2 0-1

[Event "Int. Stuttgarter Stadtmeisterschaft A"]
[Site "Ditzingen"]
[Date "2019.05.31"]
[Round "4.14"]
[White "Poysti, Nathanael"]
[Black "Schmidt, Markus"]
[Result "1-0"]
[WhiteElo "2219"]
[BlackElo "1761"]
[PlyCount "77"]
[EventDate "2019.??.??"]
[BlackTeam "Stuttgarter SF 1879"]

1. Nf3 Nf6 2. e3 b6 3. d4 d5 4. c4 e6 5. Nc3 Be7 6. cxd5 exd5 7. Qa4+ c6 8. Bd3
O-O 9. O-O c5 10. Ne5 Bb7 11. a3 Ne4 12. Qc2 f5 13. f3 c4 14. Be2 Nxc3 15. bxc3
Nd7 16. f4 g6 17. a4 Nxe5 18. fxe5 Bc8 19. Ba3 a6 20. Bxe7 Qxe7 21. Rab1 Rb8
22. Bf3 Be6 23. Rb4 Qd7 24. Qb2 b5 25. Rb1 f4 26. exf4 Rxf4 27. axb5 a5 28. Ra4
Bf5 29. Rba1 Rxb5 30. Qd2 Rxf3 31. gxf3 Rb1+ 32. Rxb1 Qxa4 33. Rb8+ Kf7 34. Qg5
Qc6 35. Qd8 g5 36. Rb6 Qc8 37. Rf6+ Kg7 38. Qe7+ Kg8 39. Qf7+ 1-0

[Event "Int. Stuttgarter Stadtmeisterschaft A"]
[Site "Ditzingen"]
[Date "2019.05.31"]
[Round "4.15"]
[White "Scholtes, Benedikt"]
[Black "Krockenberger, Martin"]
[Result "1/2-1/2"]
[WhiteElo "2046"]
[BlackElo "2186"]
[PlyCount "61"]
[EventDate "2019.??.??"]
[WhiteTeam "SG Trier"]
[BlackTeam "SK Schmiden/Cannstatt"]

1. c4 Nf6 2. g3 g6 3. Bg2 Bg7 4. Nc3 O-O 5. e4 d6 6. Nge2 e5 7. d3 c6 8. h3 Be6
9. O-O Na6 10. Bg5 h6 11. Be3 Nc7 12. f4 exf4 13. Nxf4 Bd7 14. Qd2 Kh7 15. d4
Re8 16. Rad1 Re7 17. Nd3 Qh8 18. Kh2 Be8 19. b4 Rd8 20. a4 Nd7 21. Ne2 Nb6 22.
Nb2 d5 23. c5 Nd7 24. Bf4 Nf8 25. Bd6 Red7 26. Nf4 Nfe6 27. exd5 cxd5 28. Nxd5
Nxd5 29. Bxd5 Nxd4 30. Nc4 Nf5 31. Qc2 1/2-1/2